[Event "ch-IND"]
[Site "Visakhapatnam IND"]
[Date "2004.12.04"]
[Round "1"]
[White "Roktim,B"]
[Black "Shetty,R"]
[Result "1-0"]
[WhiteElo "2345"]
[BlackElo "2369"]

1.c4 Nf6 2.Nc3 g6 3.d4 Bg7 4.e4 d6 5.Nf3 O-O 6.Be2 e5 7.Be3 Ng4 8.Bg5 f6
9.Bh4 Nc6 10.d5 Ne7 11.Nd2 f5 12.Bxg4 fxg4 13.Bg5 Bf6 14.Be3 c5 15.a3 a5
16.b4 b6 17.bxa5 bxa5 18.Rb1 Bd7 19.Qb3 Nc8 20.Qb7 Ra7 21.Qb8 Bg5 22.O-O Bxe3
23.fxe3 Qg5 24.Rxf8+ Kxf8 25.Nf1 g3 26.hxg3 Kg7 27.Nb5 Bxb5 28.cxb5 Qg4 29.b6 Rf7
30.b7 Nb6 31.Qxd6 Nc4 32.Qe6 Qxe4 33.b8=Q Qc2 34.Qxf7+ Kxf7 35.Rb7+  1-0

[Event "TCh-SWE Elitserien 2004-5"]
[Site "Stockholm/Eksjo SWE"]
[Date "2004.12.05"]
[Round "5"]
[White "Lyrberg,P"]
[Black "Olsson,An"]
[Result "0-1"]
[WhiteElo "2432"]
[BlackElo "2416"]

1.d4 Nf6 2.c4 g6 3.Nc3 Bg7 4.e4 d6 5.Nf3 O-O 6.Be2 e5 7.d5 a5 8.Nd2 Na6 9.g4 Nc5
10.h4 a4 11.f3 h5 12.Nf1 hxg4 13.Ng3 gxf3 14.Bxf3 Nh7 15.h5 Ng5 16.Bg2 f5
17.hxg6 f4 18.Bf1 fxg3 19.Qh5 Rf4  0-1

[Event "TCh-SWE Elitserien 2004-5"]
[Site "Stockholm/Eksjo SWE"]
[Date "2004.12.05"]
[Round "5"]
[White "Eklund,LG"]
[Black "Holst,C"]
[Result "1-0"]
[WhiteElo "2275"]
[BlackElo "2163"]

1.Nf3 Nf6 2.c4 g6 3.Nc3 Bg7 4.e4 d6 5.d4 O-O 6.Be2 e5 7.dxe5 dxe5 8.Qxd8 Rxd8
9.Bg5 c6 10.Nxe5 Re8 11.O-O-O Na6 12.f4 h6 13.Bh4 Nc5 14.Bf3 g5 15.Bf2 Nfxe4
16.Nxe4 Nxe4 17.Bxe4 gxf4 18.Bd4 Bxe5 19.Bxe5 Rxe5 20.Rd8+ Kg7 21.Bf3 Rc5
22.Re1 Rxc4+ 23.Kd2 c5 24.Ree8 Rd4+ 25.Rxd4 cxd4 26.Bg4 Bxg4 27.Rxa8 Bd7
28.Rd8 Bc6 29.g3 fxg3 30.hxg3 Kf6 31.Rxd4 Kg5 32.Rf4 f5 33.Ke3 h5 34.Rd4 Be4
35.Rd8 Kg4 36.Rg8+ Kh3 37.Kf4 Kg2 38.Rg5 Bf3 39.Rxf5 Bg4 40.Rc5 Kf2 41.Rc2+ Be2
42.Rd2 a6 43.b4 Ke1 44.Rd7 b5 45.a3  1-0

[Event "Asian Women"]
[Site "Beirut LIB"]
[Date "2004.12.07"]
[Round "4"]
[White "Karavade,E"]
[Black "Ju Wenjun"]
[Result "0-1"]
[WhiteElo "2307"]
[BlackElo "2300"]

1.Nf3 Nf6 2.c4 g6 3.Nc3 Bg7 4.e4 d6 5.d4 O-O 6.Be2 e5 7.dxe5 dxe5 8.Qxd8 Rxd8
9.Bg5 c6 10.Nxe5 Re8 11.O-O-O h6 12.Bh4 Nxe4 13.Nxe4 Bxe5 14.Bf6 Bf4+ 15.Kb1 Bf5
16.f3 Nd7 17.Bd4 Bxe4+ 18.fxe4 Rxe4 19.Bf3 Re7 20.Rhe1 Be5 21.Bc3 f6 22.Bg4 Nf8
23.Rd3 Rae8 24.Bb4 Bd6 25.Be6+ Rxe6 26.Rxe6 Rxe6 27.Bxd6 Kf7 28.Bb4 Ke8 29.Bxf8 Kxf8
30.Rd7 Re7 31.Rd8+ Kf7 32.Kc1 f5 33.Kd2 Kf6 34.b4 f4 35.Kd3 Re3+ 36.Kd4 Re2
37.Rf8+ Kg5 38.h4+ Kxh4 39.Rxf4+ Kg3 40.Rf6 g5 41.a4 Rxg2 42.Rxh6 Rd2+ 43.Kc5 Rd7
44.Rg6 g4 45.b5 cxb5 46.Kxb5 Kf3 47.a5 g3 48.Rf6+ Ke2 49.Re6+ Kf2 50.Rf6+ Kg1
51.c5 Rg7 52.a6 bxa6+ 53.Rxa6 g2 54.Ra1+ Kh2  0-1

[Event "FSGM December"]
[Site "Budapest HUN"]
[Date "2004.12.07"]
[Round "4"]
[White "Gonda,L"]
[Black "Paschall,W"]
[Result "1/2-1/2"]
[WhiteElo "2400"]
[BlackElo "2394"]

1.c4 g6 2.Nc3 Bg7 3.d4 Nf6 4.e4 O-O 5.Be2 d6 6.Nf3 e5 7.O-O Na6 8.Re1 Bg4
9.Be3 exd4 10.Nxd4 Bxe2 11.Qxe2 c6 12.Rad1 Re8 13.f3 Qe7 14.Qf2 Nd7 15.Nde2 Ne5
16.b3 Nc5 17.Bxc5 dxc5 18.f4 Ng4 19.Qf3 f5 20.e5 Nh6 21.Rd3 Nf7 22.Qe3 Rad8
23.Red1 b6 24.g3 Rxd3 25.Rxd3 Rd8 26.Nd1 h5 27.h4 Rxd3  1/2-1/2

[Event "ch-IND"]
[Site "Visakhapatnam IND"]
[Date "2004.12.07"]
[Round "5"]
[White "Sundararajan,K"]
[Black "Shetty,R"]
[Result "1-0"]
[WhiteElo "2476"]
[BlackElo "2369"]

1.d4 Nf6 2.c4 g6 3.Nc3 Bg7 4.e4 d6 5.Nf3 O-O 6.Be2 e5 7.Be3 Ng4 8.Bg5 f6
9.Bh4 g5 10.Bg3 Nh6 11.dxe5 dxe5 12.Qd5+ Kh8 13.O-O-O Qe7 14.h4 g4 15.Ne1 Nc6
16.Nc2 f5 17.exf5 Nd4 18.Nxd4 exd4 19.Rxd4 Bxd4 20.Qxd4+ Kg8 21.c5 Rxf5 22.Bc4+ Nf7
23.Nd5 Qd8 24.Re1 c6 25.Ne7+  1-0

[Event "It"]
[Site "Legnica POL"]
[Date "2004.12.09"]
[Round "9"]
[White "Lagowski,P"]
[Black "Stolz,M"]
[Result "1/2-1/2"]
[WhiteElo "2406"]
[BlackElo "2412"]

1.d4 Nf6 2.c4 g6 3.Nc3 Bg7 4.e4 d6 5.Nf3 O-O 6.Be2 e5 7.dxe5 dxe5 8.Qxd8 Rxd8
9.Bg5 c6 10.Nxe5 Re8 11.O-O-O Na6 12.f4 Nc5 13.Bf3 h6 14.Bh4 g5 15.Bf2 gxf4
16.Bxc5 Rxe5 17.Bd6 Re8 18.Rhe1 Ng4 19.Bxg4 Bxg4 20.Rd2 Be6 21.c5 Bxc3 22.bxc3 Bd5
23.Rde2 Bc4 24.Rf2 Re6 25.e5 Bd5 26.Rxf4 Bxg2 27.Rg4+ Rg6 28.Rxg6+ fxg6 29.e6 Re8
30.e7 Kf7 31.Re2 Bh3 32.Rb2 Bc8 33.h4 Kf6 34.Kd2 g5 35.Rb4 Kf5 36.Ke3 Kf6
37.Ra4 a6 38.Rb4 Kf5 39.Kf2 Kf6 40.Kg3 Kf5 41.Rb2 Kf6 42.h5 Rg8 43.Rf2+ Bf5
44.Bc7 Re8 45.Bd8 Ke5 46.Rd2 Be6 47.a3 Bf5 48.Rd6 Be6 49.Rd2 Bf5 50.c4 Kf6
51.Rb2 Bc8 52.Rf2+ Bf5 53.Rd2 Ke5 54.Rd6 Be6 55.Kf3 Kf5 56.Ke3 Ke5 57.Rd2 Bf5
58.Rf2 Kf6 59.Rb2 Bc8 60.Ke4 Bf5+ 61.Kf3 Bc8 62.Kg3 Ke5 63.Rf2 Bf5 64.Bc7+ Kf6
65.Ba5 Ke6 66.Re2+ Kf7 67.Bd8 Kf6  1/2-1/2

[Event "Open"]
[Site "Ashdod ISR"]
[Date "2004.12.10"]
[Round "2"]
[White "Golod,V"]
[Black "Shutzman,J"]
[Result "1/2-1/2"]
[WhiteElo "2554"]
[BlackElo "2290"]

1.d4 Nf6 2.c4 g6 3.Nc3 Bg7 4.e4 d6 5.Be2 O-O 6.Nf3 Na6 7.O-O e5 8.Re1 c6
9.Bf1 Bg4 10.Be3 Bxf3 11.Qxf3 Ng4 12.Qxg4 exd4 13.Bg5 f6 14.Bd2 dxc3 15.Bxc3 f5
16.Qh3 Bxc3 17.Qxc3 fxe4 18.Rxe4 Qf6 19.Qd2 Nc7 20.Rd1 Rad8 21.g3 Ne6 22.Qe2 Ng5
23.Rf4 Qe6 24.Rxf8+ Kxf8 25.Qd3 Qe4 26.Qc3 Nf3+ 27.Kg2 Ne1+ 28.Kg1 Nf3+ 29.Kg2 Ne1+
30.Kh3 Qf5+ 31.g4 Qf3+ 32.Qxf3+ Nxf3 33.Kg3 Ne5 34.f4 Nf7 35.h4 Re8 36.g5 Re3+
37.Kf2 Re7 38.Kf3 Kg7 39.Bd3 Re8 40.Be4 Re7 41.b4 Rc7 42.Rd3 b5 43.cxb5 d5
44.Bxg6 hxg6 45.bxc6 Rxc6 46.Rxd5 Ra6 47.Kg4 Rxa2 48.h5 gxh5+ 49.Kxh5 Rh2+
50.Kg4 Rb2 51.b5 Rg2+ 52.Kf3 Rb2  1/2-1/2

[Event "ch-IND"]
[Site "Visakhapatnam IND"]
[Date "2004.12.13"]
[Round "13"]
[White "Suvrajit,S"]
[Black "Koneru,H"]
[Result "1/2-1/2"]
[WhiteElo "2395"]
[BlackElo "2503"]

1.d4 Nf6 2.c4 g6 3.Nc3 Bg7 4.e4 d6 5.Be2 O-O 6.Nf3 Nbd7 7.O-O e5 8.Be3 Re8
9.dxe5 dxe5 10.h3 c6 11.c5 Qe7 12.b4 Nf8 13.Re1 Nh5 14.Bc4 Ne6 15.Re2 Bd7
16.Rd2 Rad8 17.Rd6 Bc8 18.Qd2 Rxd6 19.cxd6 Qd7 20.Rd1 b6 21.Ng5 Nxg5 22.Bxg5 b5
23.Be2 Nf4 24.Bxf4 exf4 25.Bg4 f5 26.exf5 gxf5 27.Bh5 Re6 28.Ne2 Be5 29.Nxf4 Rxd6
30.Nd3 Bg7 31.Qc2 Qe7 32.Re1 Re6 33.Rxe6 Bxe6 34.Qxc6 Bc4 35.Qc8+ Qf8 36.Qd7 Qf6
37.Qc8+ Qf8 38.Qd7 Qf6 39.Qc8+  1/2-1/2

[Event "III Pereyra Mem"]
[Site "Mendoza ARG"]
[Date "2004.12.14"]
[Round "6"]
[White "Flores,Di"]
[Black "Estay,O"]
[Result "0-1"]
[WhiteElo "2480"]
[BlackElo "2199"]

1.Nf3 Nf6 2.c4 g6 3.Nc3 Bg7 4.d4 O-O 5.e4 d6 6.Be2 e5 7.d5 a5 8.Bg5 h6 9.Bh4 Na6
10.Nd2 Bd7 11.a3 Qe8 12.b3 Nh7 13.Rb1 h5 14.f3 Bh6 15.Bf2 Nc5 16.Qc2 Qe7
17.O-O Qg5 18.Rfd1 h4 19.Bf1 f5 20.b4 axb4 21.axb4 Na6 22.c5 Nf6 23.c6 bxc6
24.dxc6 Be6 25.b5 Nc5 26.Bxc5 dxc5 27.Bc4 Bf7 28.Bxf7+ Rxf7 29.Nc4 h3 30.Rb2 Raf8
31.Qd3 fxe4 32.Nxe4 Nxe4 33.fxe4 Rf3 34.Qe2 Rc3 35.b6 cxb6 36.Rbd2 b5 37.c7 Rxc4
38.Rd8 Rc1 39.Rxf8+ Bxf8 40.Rf1 Rxf1+ 41.Kxf1 Qf4+ 42.Kg1 Qc1+ 43.Qf1 Qe3+
44.Kh1 hxg2+ 45.Kxg2 Qd2+ 46.Qf2 Qd7 47.Qa2+ Kh7 48.Qa8 Qxc7 49.Qxf8 c4 50.h4 c3
51.h5 Qg7 52.hxg6+ Qxg6+ 53.Kf3 Qh5+ 54.Kf2 Qh4+ 55.Kg1 Qg4+ 56.Kh1 Qxe4+
57.Kg1 Qg4+ 58.Kh1 Qh4+  0-1

[Event "Open"]
[Site "Zadar CRO"]
[Date "2004.12.14"]
[Round "3"]
[White "Prlac,V"]
[Black "Zufic,M"]
[Result "0-1"]
[WhiteElo "2143"]
[BlackElo "2370"]

1.c4 Nf6 2.Nf3 g6 3.Nc3 Bg7 4.e4 d6 5.d4 O-O 6.Be2 Na6 7.O-O e5 8.h3 Qe8
9.dxe5 dxe5 10.Be3 b6 11.a3 Bb7 12.Nd2 Rd8 13.Qc2 c6 14.b4 Nc7 15.c5 Ne6
16.Nc4 Nd4 17.Qb2 Qe6 18.Nd6 Bc8 19.Bc4 Qe7 20.Ne2 Be6 21.Bxe6 Nxe6 22.Rfd1 Nh5
23.f3 Nhf4 24.Kh1 Qg5 25.Ng1 Nd4 26.Qf2 Qf6 27.Bxf4 exf4 28.Re1 Qe5 29.Rac1 bxc5
30.bxc5 Rb8 31.Ne2 Ne6 32.Rc2 Rb3 33.Nc1 Rc3 34.Nc4 Rxc2 35.Qxc2 Qxc5 36.Nb3 Qb5
37.Nd6 Qa4 38.Qc4 Qxa3 39.Rd1 Rd8 40.Rd3 Rxd6  0-1

[Event "Open"]
[Site "Ashdod ISR"]
[Date "2004.12.15"]
[Round "9"]
[White "Zilberman,Y"]
[Black "Tseitlin,Ma"]
[Result "0-1"]
[WhiteElo "2459"]
[BlackElo "2406"]

1.d4 Nf6 2.Nf3 g6 3.c4 Bg7 4.Nc3 O-O 5.e4 d6 6.Be2 e5 7.d5 a5 8.Bg5 h6 9.Bh4 Na6
10.Nd2 Qe8 11.a3 Bd7 12.b3 Nh7 13.Rb1 Nc5 14.Qc2 f5 15.f3 Nf6 16.O-O Nh5
17.Rfe1 Nf4 18.Bf1 g5 19.Bf2 g4 20.fxg4 fxg4 21.b4 axb4 22.axb4 Na6 23.c5 Qg6
24.c6 bxc6 25.dxc6 Be6 26.Rb2 h5 27.Nc4 Qg5 28.b5 Nc5 29.b6 cxb6 30.Nxb6 Ra7
31.Qd2 h4 32.Qxd6 Nh3+ 33.gxh3 gxh3+ 34.Bg3 hxg3 35.Qxc5 gxh2+ 36.Kh1 Qg3
37.Nd7 Bg4 38.Qxf8+ Bxf8 39.Nf6+ Kg7 40.Nxg4 Qg1+  0-1

[Event "Master Open"]
[Site "Singapore SIN"]
[Date "2004.12.15"]
[Round "7"]
[White "Purba,C"]
[Black "Wang Rui"]
[Result "0-1"]
[WhiteElo "2181"]
[BlackElo "2484"]

1.d4 Nf6 2.c4 g6 3.Nc3 Bg7 4.Nf3 O-O 5.e4 d6 6.Be2 Na6 7.O-O e5 8.Bg5 h6
9.Bh4 Qe8 10.dxe5 dxe5 11.a3 Nh5 12.Bg3 c6 13.Re1 Qe7 14.Qc2 Bg4 15.Rac1 Nc5
16.Bh4 g5 17.Nxg5 hxg5 18.Bxg4 Nf4 19.Bg3 Ncd3 20.Bf5 Rfd8 21.Rf1 Nxc1 22.Rxc1 b6
23.Qa4 Rd6 24.c5 bxc5 25.Qa5 Rad8 26.Bg4 Qb7 27.Na4 Nd3 28.Rb1 Qb3 29.h4 Rd4
30.Nxc5 Qc2 31.Rf1 Qxc5 32.Qc7 Qd6 33.Qxa7 Rc4 34.Bf5 Rd4 35.hxg5 Nf4 36.Bg4 Qg6
37.Bf3 Qxg5 38.Qa5 Bf6 39.Rc1 Kg7 40.a4 Rh8  0-1

[Event "Open"]
[Site "Zadar CRO"]
[Date "2004.12.15"]
[Round "4"]
[White "Bilobrk,F"]
[Black "Ramesa,D"]
[Result "1-0"]
[WhiteElo "2328"]
[BlackElo "2161"]

1.d4 Nf6 2.c4 g6 3.Nc3 Bg7 4.e4 d6 5.Be2 O-O 6.Nf3 e5 7.O-O Na6 8.Re1 c6
9.Bf1 Bg4 10.d5 c5 11.h3 Bd7 12.Bg5 h6 13.Be3 Nh5 14.Qd2 Kh7 15.g4 Nf6 16.Nh2 Ne8
17.f4 f5 18.exf5 gxf5 19.fxe5 dxe5 20.gxf5 Bxf5 21.Bd3 Nd6 22.Bxf5+ Rxf5
23.b3 e4 24.Kh1 Qh4 25.Rac1 Be5 26.Re2 Qxh3 27.Rg1 Rh5 28.Rf2 Rf8 29.Rgg2 Rf3
30.Nb5 Nf5 31.d6 Rxf2 32.Rxf2 Qxe3 33.Qxe3 Nxe3 34.d7 Rxh2+ 35.Rxh2 Bf6 36.Rf2 Bg5
37.Rf8 Nc2 38.Nc3 e3 39.d8=Q Bxd8 40.Rxd8 Nab4 41.Kg2 Nc6 42.Rd7+ Kg6 43.Rxb7  1-0

[Event "Revolution Mem"]
[Site "Bucharest ROM"]
[Date "2004.12.16"]
[Round "2"]
[White "Georgescu,C"]
[Black "Doncea,V"]
[Result "0-1"]
[WhiteElo "2160"]
[BlackElo "2352"]

1.d4 Nf6 2.c4 g6 3.Nc3 Bg7 4.Nf3 O-O 5.e4 d6 6.Be2 e5 7.Be3 Ng4 8.Bg5 f6
9.Bc1 Nc6 10.h3 Nh6 11.Be3 f5 12.dxe5 dxe5 13.Qd5+ Nf7 14.O-O-O Qf6 15.Qb5 Nd6
16.Qb3 Nxe4 17.Nd5 Qf7 18.Qc2 Be6 19.Rhg1 h6 20.g4 Nd6 21.Bc5 Rad8 22.Nh4 g5
23.gxf5 Nxf5 24.Nxf5 Bxf5 25.Qb3 Nd4 26.Bxd4 exd4 27.h4 c6 28.hxg5 hxg5 29.Bh5 Qd7
30.Rxg5 Kh8 31.Rh1 Bh6 32.Bg4 Qh7  0-1

[Event "Revolution Mem"]
[Site "Bucharest ROM"]
[Date "2004.12.17"]
[Round "3"]
[White "Doncea,V"]
[Black "Jianu,V"]
[Result "1-0"]
[WhiteElo "2352"]
[BlackElo "2444"]

1.d4 Nf6 2.c4 g6 3.Nc3 Bg7 4.e4 O-O 5.Be2 d6 6.Nf3 e5 7.dxe5 dxe5 8.Qxd8 Rxd8
9.Nd5 Nxd5 10.cxd5 c6 11.Bg5 f6 12.dxc6 Nxc6 13.Bc4+ Kh8 14.Be3 Bg4 15.O-O Rac8
16.Rac1 Bf8 17.a3 Rc7 18.Bd5 Rdc8 19.Rc3 Ne7 20.Rxc7 Rxc7 21.Bb3 Nc8 22.Rd1 Be7
23.h3 Bd7 24.Nd2 Nb6 25.Nc4 Ba4 26.Na5 Bb5 27.Be6 Na4 28.Bxa7 Nxb2 29.Rd5 Ba6
30.Bb6 Rc1+ 31.Kh2 Nc4 32.Bd8 Bxd8 33.Rxd8+ Kg7 34.Rc8 b5 35.Rc6  1-0

[Event "Master Open"]
[Site "Singapore SIN"]
[Date "2004.12.17"]
[Round "8"]
[White "Lubis,E"]
[Black "Purba,C"]
[Result "1-0"]
[WhiteElo "2249"]
[BlackElo "2181"]

1.d4 Nf6 2.Nf3 d6 3.c4 g6 4.Nc3 Bg7 5.e4 O-O 6.Be2 e5 7.d5 Na6 8.Bg5 h6 9.Bh4 Qe8
10.Nd2 Nh7 11.a3 f5 12.f3 Nf6 13.Qc2 Nh5 14.b4 Bd7 15.Bf2 Nf4 16.Bf1 Qf7
17.Be3 Kh8 18.Rc1 Nb8 19.c5 Qe7 20.g3 Nh5 21.cxd6 cxd6 22.Nb5 fxe4 23.fxe4 Na6
24.Nxa7 Nf6 25.b5 Ng4 26.Bg1 Nc5 27.b6 Qg5 28.h4 Qd8 29.Bxc5 dxc5 30.Qxc5 Rf6
31.Nc4 Nf2 32.Rh2 Nxe4 33.Qe3 Nd6 34.Nxe5 Nf5 35.Qf4 Rxb6 36.Nf7+ Kh7 37.Nxd8 Rxd8
38.Qc7 Re8+ 39.Re2 Rd6 40.Rxe8 Bxe8 41.g4 Rd7 42.gxf5 Rxc7 43.Rxc7 gxf5 44.d6 Kg6
45.d7 Bxd7 46.Rxd7 Bc3+ 47.Kd1  1-0

[Event "Revolution Mem"]
[Site "Bucharest ROM"]
[Date "2004.12.19"]
[Round "6"]
[White "Glodeanu,I"]
[Black "Nemeth,F"]
[Result "1-0"]
[WhiteElo "2288"]
[BlackElo "2403"]

1.Nf3 Nf6 2.c4 g6 3.Nc3 Bg7 4.e4 d6 5.d4 O-O 6.Be2 Na6 7.O-O e5 8.Re1 Qe8
9.Bf1 Bg4 10.d5 Nb4 11.Be2 a5 12.Be3 Na6 13.Nd2 Bd7 14.a3 b6 15.b3 Kh8 16.Rb1 Ng8
17.f3 Bh6 18.Bf2 f5 19.b4 axb4 20.axb4 Nf6 21.Bd3 Qf7 22.Qe2 Nh5 23.Be3 Bxe3+
24.Qxe3 Qf6 25.Bf1 f4 26.Qf2 g5 27.Be2 Rg8 28.h3 Ng3 29.Nf1 Nxe2+ 30.Rxe2 h5
31.Ra2 g4 32.hxg4 hxg4 33.fxg4 Rxg4 34.b5 Kg7 35.Nh2 Rh8 36.Nxg4 Bxg4 37.bxa6 Rh5
38.Ne2 Qh6 39.Kf1 Rh2 40.Ng1 f3 41.gxf3 Bh3+ 42.Nxh3 Qxh3+ 43.Qg2+ Rxg2 44.Rxg2+ Kf7
45.Kf2 Qh4+ 46.Ke2  1-0

[Event "Open"]
[Site "Zadar CRO"]
[Date "2004.12.19"]
[Round "9"]
[White "Martic,Z"]
[Black "Vidovic,A"]
[Result "1-0"]
[WhiteElo "2297"]
[BlackElo "2148"]

1.d4 Nf6 2.c4 g6 3.Nc3 Bg7 4.e4 d6 5.Nf3 O-O 6.Be2 e5 7.O-O exd4 8.Nxd4 Re8
9.f3 c6 10.Nc2 Be6 11.Ne3 Nh5 12.f4 Qh4 13.g4 Nf6 14.Ng2 Qh3 15.Rf3 Bxg4
16.Rxh3 Bxh3 17.Bf3  1-0

[Event "4th NAO GM"]
[Site "Paris FRA"]
[Date "2004.12.22"]
[Round "8"]
[White "Marzolo,C"]
[Black "Kazhgaleyev,M"]
[Result "1/2-1/2"]
[WhiteElo "2437"]
[BlackElo "2607"]

1.d4 Nf6 2.c4 g6 3.Nc3 Bg7 4.e4 d6 5.Nf3 O-O 6.Be2 e5 7.Be3 Na6 8.O-O Ng4
9.Bg5 Qe8 10.dxe5 dxe5 11.h3 Nf6 12.Be3 b6 13.a3 Nc5 14.Qc2 Nfd7 15.Rad1 Ne6
16.Qd2 Ndc5 17.Qc2 f5 18.b4 Nd7 19.c5 f4 20.Bc1 bxc5 21.bxc5 Ndxc5 22.Nd5 Qa4
23.Qxa4 Nxa4 24.Bb5 Nac5 25.Bc4 Kh8 26.Bb2 Nxe4 27.Nxe5 f3 28.Rfe1 Nd6 29.Ba2 Rb8
30.Ba1 c5 31.Ne7 Nd4 32.N7xg6+ hxg6 33.Nxg6+ Kh7 34.Nxf8+ Bxf8 35.Bxd4 cxd4
36.Rxd4 Rb2 37.Bd5 fxg2 38.Bxg2 Kg7 39.Rc1 Be6 40.Ra4 Nb5 41.Ra6 Nd4 42.Rxa7+ Kf6
43.Re1 Ne2+ 44.Kh1 Bc5 45.Ra6 Bxf2 46.Rxe2 Rxe2 47.Bd5  1/2-1/2

[Event "Open"]
[Site "Pamplona ESP"]
[Date "2004.12.23"]
[Round "3"]
[White "Cheparinov,I"]
[Black "Llaneza Vega,P"]
[Result "1-0"]
[WhiteElo "2576"]
[BlackElo "2181"]

1.d4 Nf6 2.c4 g6 3.Nc3 Bg7 4.e4 d6 5.Be2 O-O 6.Nf3 e5 7.Be3 Na6 8.O-O Ng4
9.Bg5 Qe8 10.c5 exd4 11.Nd5 c6 12.Ne7+ Kh8 13.cxd6 Nc5 14.Nxd4 Ne5 15.Nxc8 Qxc8
16.Be7 Re8 17.f4 Ned3 18.e5 Rxe7 19.dxe7 Qd7 20.Nb3  1-0

[Event "13th Donau Open"]
[Site "Aschach AUT"]
[Date "2004.12.27"]
[Round "3"]
[White "Schnider,G"]
[Black "Tratar,M"]
[Result "0-1"]
[WhiteElo "2292"]
[BlackElo "2473"]

1.d4 Nf6 2.c4 d6 3.Nc3 Nbd7 4.e4 e5 5.Nf3 g6 6.Be2 Bg7 7.O-O O-O 8.d5 Nc5
9.Qc2 a5 10.Be3 Ng4 11.Bxc5 dxc5 12.Rad1 f5 13.d6 cxd6 14.Nb5 Ra6 15.Qd3 fxe4
16.Qxe4 Nf6 17.Qh4 Bf5 18.Rfe1 h6 19.Nd2 Qe7 20.Bf3 Qf7 21.b3 a4 22.Ne4 Bxe4
23.Bxe4 Nxe4 24.Rxe4 axb3 25.axb3 d5 26.Ree1 g5 27.Qg3 dxc4 28.bxc4 Qxc4
29.Nd6 Qf4 30.Qb3+ c4 31.Qxc4+ Qxc4 32.Nxc4 b5 33.Nxe5 b4 34.Rb1 Re8 35.Nd3 Rxe1+
36.Nxe1 Bc3 37.Kf1 Rd6 38.Nc2 b3 39.Ne3 b2 40.Nd1 Bf6 41.Ke2 Kf7 42.Rxb2 Bxb2
43.Nxb2 Ke6 44.Nc4 Rd4 45.Ne3 Ke5 46.g3 Ra4 47.Kf3 h5 48.h3 Ra3 49.Kg2 Ke4
50.Nc4 Rd3 51.f3+ Kd5 52.Nb6+ Kc5 53.Nc8 Rd2+ 54.Kg1 Rd7  0-1

[Event "20th Open"]
[Site "Nice FRA"]
[Date "2004.12.27"]
[Round "3"]
[White "Epishin,V"]
[Black "Issermann,R"]
[Result "1-0"]
[WhiteElo "2599"]
[BlackElo "2325"]

1.d4 Nf6 2.c4 g6 3.Nc3 Bg7 4.e4 d6 5.Nf3 O-O 6.Be2 e5 7.O-O Qe8 8.dxe5 dxe5
9.b4 Bg4 10.b5 c5 11.Nd2 Bxe2 12.Qxe2 Nbd7 13.a4 Nh5 14.g3 Qe6 15.Nd5 Rac8
16.a5 Bh6 17.a6 b6 18.Ra3 Ng7 19.Bb2 Qe8 20.f4 f6 21.Raf3 exf4 22.gxf4 Ne6
23.Qg2 Nd4 24.Rg3 f5 25.e5 Ne6 26.h4 Ng7 27.h5 Nxh5 28.Rh3 Bg7 29.Rxh5 gxh5
30.e6  1-0

[Event "31st Eastern Open"]
[Site "Washington DC USA"]
[Date "2004.12.27"]
[Round "3"]
[White "Rubenchik,R"]
[Black "Elson,A"]
[Result "1-0"]
[WhiteElo "2356"]
[BlackElo "2181"]

1.Nf3 Nf6 2.c4 g6 3.Nc3 Bg7 4.e4 d6 5.d4 O-O 6.Be2 e5 7.dxe5 dxe5 8.Qxd8 Rxd8
9.Bg5 c6 10.Nxe5 Re8 11.O-O-O Nxe4 12.Nxe4 Bxe5 13.f4 f5 14.fxe5 fxe4 15.Rhf1 Be6
16.Rf6 Kg7 17.Rd6 Bc8 18.e6 Na6 19.Rf7+ Kg8 20.Re7 Rxe7 21.Bxe7 Nc7 22.Bg4 Kg7
23.Bg5 h6 24.Bf4 Kf6 25.e7+ Kxe7 26.Rxg6 Bxg4 27.Rxg4 Ne6 28.Be3 h5 29.Rxe4 Rg8
30.g3 b6 31.Rh4 Rg4 32.Rxh5 Rxc4+ 33.Kd2 b5 34.b3 Rg4 35.Rh7+ Rg7 36.Rxg7+ Nxg7
37.g4 Ke6 38.Bd4 Ne8 39.h4 Kd5 40.Ke3 c5 41.Bb2 Nd6 42.h5 Nf7 43.Kf4 c4 44.g5 cxb3
45.axb3 a5  1-0

[Event "Asian Juniors Girls"]
[Site "Bikaner IND"]
[Date "2004.12.28"]
[Round "9"]
[White "Raghavi,N"]
[Black "Nadig,K"]
[Result "0-1"]
[WhiteElo "2117"]
[BlackElo "2182"]

1.c4 Nf6 2.Nc3 g6 3.d4 Bg7 4.e4 d6 5.Nf3 O-O 6.Be2 e5 7.O-O Nbd7 8.d5 Nc5
9.Qc2 a5 10.a3 a4 11.Be3 Nfd7 12.Ne1 f5 13.f3 Nb3 14.Rd1 Ndc5 15.Nd3 Nd4
16.Qb1 f4 17.Bf2 g5 18.Nc1 c6 19.Bd3 g4 20.Bxd4 exd4 21.N3e2 Qh4 22.Qc2 g3
23.h3 Be5 24.Qd2 Rf6 25.Rfe1 Bxh3 26.gxh3 Qxh3 27.Nxg3 Rg6 28.Re2 fxg3 29.Rg2 Rh6
30.Kf1 Rf8 31.Qe2 Qh1+ 32.Rg1 Rxf3+ 33.Ke1 Qxg1+ 34.Kd2 Qe3+  0-1

[Event "31st Eastern Open"]
[Site "Washington DC USA"]
[Date "2004.12.28"]
[Round "5"]
[White "Bengtson,M"]
[Black "Kaufman,La"]
[Result "1/2-1/2"]
[WhiteElo "2271"]
[BlackElo "2373"]

1.d4 Nf6 2.c4 g6 3.Nc3 Bg7 4.e4 d6 5.Nf3 O-O 6.Be2 Na6 7.O-O e5 8.Be3 Ng4
9.Bg5 Qe8 10.dxe5 dxe5 11.b3 h6 12.Bd2 Nf6 13.Be3 Qe7 14.a3 c6 15.b4 Nh5
16.c5 Rd8 17.Qc2 Nc7 18.Rfd1 Be6 19.Rxd8+  1/2-1/2

[Event "34th Rilton Cup"]
[Site "Stockholm SWE"]
[Date "2004.12.29"]
[Round "3"]
[White "Gleizerov,E"]
[Black "Nouro,M"]
[Result "1-0"]
[WhiteElo "2539"]
[BlackElo "2361"]

1.d4 Nf6 2.c4 g6 3.Nc3 Bg7 4.e4 d6 5.Nf3 O-O 6.Be2 e5 7.O-O exd4 8.Nxd4 Re8
9.f3 Nc6 10.Be3 Nh5 11.Qd2 Nf4 12.Rfd1 Nxe2+ 13.Ncxe2 Ne5 14.b3 a6 15.Nc3 Bd7
16.Bg5 f6 17.Bh4 Rb8 18.a4 Nf7 19.a5 c5 20.Nde2 b5 21.axb6 Rxb6 22.Ra3 g5
23.Bf2 f5 24.exf5 Bxf5 25.Ng3 Bg6 26.Nd5 Rb7 27.Re1 Rxe1+ 28.Qxe1 Ne5 29.Qe3 Nd3
30.Ne2 Nxf2 31.Kxf2 g4 32.Qe6+ Rf7 33.Qxg4 Bf5 34.Qg3 Kh8 35.Rxa6 Be5 36.f4 Rg7
37.Qe3 Qh4+ 38.g3 Qxh2+ 39.Ke1 Qh1+ 40.Kd2 Qb1 41.Ra8+ Rg8 42.Rxg8+ Kxg8
43.fxe5  1-0

[Event "34th Rilton Cup"]
[Site "Stockholm SWE"]
[Date "2004.12.29"]
[Round "3"]
[White "Akesson,R"]
[Black "Norberg,J"]
[Result "1-0"]
[WhiteElo "2472"]
[BlackElo "2195"]

1.Nf3 g6 2.d4 Bg7 3.c4 d6 4.Nc3 Nf6 5.e4 O-O 6.Be2 e5 7.Be3 Nc6 8.d5 Ne7
9.Nd2 Ne8 10.b4 f5 11.f3 f4 12.Bf2 g5 13.Nb3 Ng6 14.c5 Nh4 15.Rg1 Rf7 16.Qd3 Bf8
17.O-O-O a5 18.a3 axb4 19.axb4 dxc5 20.bxc5 b6 21.c6 Ba6 22.Qc2 Bxe2 23.Qxe2 Qd6
24.Kc2 Qb4 25.Ra1 Rxa1 26.Rxa1 Nxg2 27.Ra8 Nf6 28.Na2 Qe7 29.Bxb6 Ne3+ 30.Bxe3 fxe3
31.Qxe3 g4 32.Nc3 gxf3 33.Qxf3 Kh8 34.Qf5 Ng8 35.Qh5 Rf2+ 36.Nd2 Qf6 37.Nd1 Rf4
38.Ne3 Bb4 39.Ng4 Qg7 40.Nh6 Bf8 41.Nxg8 Kxg8 42.Re8 Rf2 43.h4 h6 44.Qxe5 Qxe5
45.Rxe5 Bb4 46.Kb3 Bxd2 47.d6 Rf3+ 48.Ka4 cxd6 49.Re8+ Kf7 50.c7 Kxe8 51.c8=Q+ Ke7
52.Qb7+ Kf6 53.e5+  1-0

[Event "Open A"]
[Site "Bethune FRA"]
[Date "2004.12.30"]
[Round "7"]
[White "Vigneron,F"]
[Black "Roger,M"]
[Result "0-1"]
[WhiteElo "2042"]
[BlackElo "2219"]

1.d4 Nf6 2.c4 g6 3.Nc3 Bg7 4.e4 d6 5.Be2 O-O 6.Nf3 e5 7.dxe5 dxe5 8.Qxd8 Rxd8
9.Bg5 Re8 10.Nd5 Nxd5 11.cxd5 c6 12.Bc4 cxd5 13.Bxd5 Nd7 14.Rc1 h6 15.Be3 Nf6
16.O-O Nxd5 17.exd5 Rd8 18.Rfd1 e4 19.Nd2 Rxd5 20.Nxe4 Rxd1+ 21.Rxd1 Be6
22.b3 b6 23.Rc1 Rc8 24.Rxc8+ Bxc8 25.Kf1 Kf8 26.Bf4 Ba6+ 27.Ke1 Bd3 28.Nd2 b5
29.Bd6+ Ke8 30.Bc5 a6 31.Bb4 Kd7 32.a4 bxa4 33.bxa4 Kc6 34.Kd1 Bd4 35.Nf3 Bf6
36.Kd2 Bf1 37.g3 Bg2 38.Ne1 Bd5 39.Bc3 Bg5+ 40.f4 Bd8 41.Nd3 Bc4 42.Ne5+ Kc5
43.Kc2 h5 44.Be1 Be6 45.Nd3+ Kc4 46.Ne5+ Kd5 47.Kd3 Bf5+ 48.Ke2 f6 49.Nd3 Kc4
50.Nc1 Bg4+ 51.Kf2 Bb6+ 52.Kg2 Bc5 53.Bd2 Bd7  0-1

[Event "13th Donau Open"]
[Site "Aschach AUT"]
[Date "2004.12.31"]
[Round "7"]
[White "Jurek,J"]
[Black "Priborsky,J"]
[Result "1/2-1/2"]
[WhiteElo "2367"]
[BlackElo "2318"]

1.d4 Nf6 2.c4 g6 3.Nc3 Bg7 4.Nf3 d6 5.e4 O-O 6.Be2 e5 7.O-O Nbd7 8.d5 a5
9.Bg5 h6 10.Bh4 Nc5 11.Qc2 Bd7 12.Nd2 Qe8 13.b3 Nh7 14.f3 h5  1/2-1/2

[Event "Czech Christmas"]
[Site "Litomysl CZE"]
[Date "2004.12.31"]
[Round "7"]
[White "Ruzicka,M"]
[Black "Zawadzka,J"]
[Result "0-1"]
[WhiteElo "2069"]
[BlackElo "2329"]

1.d4 Nf6 2.Nf3 g6 3.c4 Bg7 4.Nc3 d6 5.e4 O-O 6.Be2 e5 7.dxe5 dxe5 8.Qxd8 Rxd8
9.Bg5 Rf8 10.Nd5 Nxd5 11.cxd5 c6 12.Bc4 b5 13.Bb3 a5 14.a3 Bb7 15.O-O-O Rc8
16.d6 Nd7 17.Be3 c5 18.Bd5 Bxd5 19.Rxd5 Rc6 20.Rhd1 f6 21.Nh4 Kf7 22.f4 exf4
23.Bxf4 g5 24.Bxg5 fxg5 25.Rf1+ Ke6 26.Nf5 Be5 27.Rfd1 Raa6 28.Kb1 a4 29.h3 b4
30.axb4 cxb4  0-1

[Event "Czech Christmas"]
[Site "Litomysl CZE"]
[Date "2005.01.01"]
[Round "8"]
[White "Plischki,S"]
[Black "Kovalev,An"]
[Result "0-1"]
[WhiteElo "2346"]
[BlackElo "2575"]

1.d4 Nf6 2.c4 g6 3.Nc3 Bg7 4.e4 d6 5.Nf3 O-O 6.Be2 Nbd7 7.O-O e5 8.Qc2 c6
9.Rd1 Qe7 10.d5 c5 11.Bg5 h6 12.Bd2 Ne8 13.g3 Nb8 14.a3 Na6 15.Rab1 Bg4 16.Re1 Nf6
17.Nh4 h5 18.f3 Bd7 19.Bg5 Rfc8 20.Qd2 Qf8 21.Kh1 Nh7 22.Be3 Bf6 23.Ng2 Qe7
24.Bd3 Bh3 25.f4 Re8 26.Nd1 Bd7 27.Nc3 Bh3 28.Nd1 Bg4 29.Rf1 Nb8 30.Nc3 Nd7
31.Rf2 h4 32.Rbf1 h3 33.Ne1 exf4 34.Rxf4 Bxc3 35.Qxc3 Ne5 36.Be2 Bxe2 37.R1f2 Bh5
38.Rf1 g5 39.R4f2 Ng4 40.Rf3 Qe5 41.Bd2 Qxc3 42.Bxc3 Ne5 43.g4 Nxf3 44.gxh5 Ne5
45.b3 f6 46.Nf3 Kg7 47.Ng1 Kh6 48.Nxh3 Kxh5 49.Ng1 Kg6 50.Ne2 Kf7 51.Ng3 Ke7
52.Kg2 Kd7 53.Nf5 Rh8 54.Ne3 Raf8 55.h3 Ng6 56.e5 Nh4+ 57.Kg3 fxe5  0-1